| 000 | 00677cam a22002171 4500 | ||
|---|---|---|---|
| 001 | ne 68001317 | ||
| 003 | DLC | ||
| 005 | 20260227111840.0 | ||
| 008 | 941018s1942 iq 000 0 arar | ||
| 010 | _ane 68001317 | ||
| 035 | _a(OCoLC)31308094 | ||
| 040 |
_aDLC _cCU _dCU _dDLC |
||
| 042 | _apremarc | ||
| 043 | _aa-iq--- | ||
| 050 | 0 | 0 |
_aDS70.6 _b.Z3 |
| 100 | 0 | _aZakī Mubārak. | |
| 245 | 1 | 0 |
_aMalāmiḥ al-mujtamaʻ al-ʻIrāqī. _bKitāb yuṣawwiru al-ʻIrāq fī madhāhibih al-adabīyah wa-al-qawmīyah wa-al-ijtimāʻīyah. _cZakī Mubārak. |
| 260 |
_aal-Qāhirah, _bMaṭbaʻat Amīn ʻAbd al-Raḥmān, _c1942. |
||
| 300 |
_a347 p. _c20 cm. |
||
| 651 | 0 | _aIraq. | |
| 999 |
_c50272 _d50272 |
||